| 000 | 00956naa a22002777a 4500 | ||
|---|---|---|---|
| 001 | BR7703519 | ||
| 003 | BR-BrBNA | ||
| 005 | 20240918174017.0 | ||
| 007 | ta | ||
| 008 | 230509b bl.||||| |||| 00| 0 por d | ||
| 040 |
_aBR-BrBNA _bpor _cBiblioteca Nacional de Agricultura |
||
| 041 | _a(Pt) | ||
| 072 |
_aA50; C00 _b/G514 |
||
| 090 | _aA50 BR7703519 | ||
| 100 | 1 | _aAlves, E. | |
| 245 | 1 | _aPrograma de treinamento; carreirta de pesquisador [Pesquisa agricola; Programa de pesquisa; Brasil] | |
| 260 | 3 |
_aBrasilia, DF (Brasil): _c1977. |
|
| 500 | _aColetanea de trabalhos sobre a EMBRAPA Brasilia, DF (Brasil): 1977. p. 142-157 (BR7703519-AM)A50 | ||
| 650 | _aPesquisa agricola | ||
| 650 | _aEducacao | ||
| 650 | _aPrograma de pesquisa | ||
| 650 | _aEnsino superior | ||
| 773 | 0 |
_tColetanea de trabalhos sobre a EMBRAPA _wA50 BR7703519 _gBrasilia, DF (Brasil), 1977. p. 142-157 |
|
| 909 |
_a202404 _bLucia _c55 _dLucia Elande |
||
| 942 |
_cAM _2AGRIS |
||
| 999 |
_c308307 _d308307 |
||